[Event "Berlin-ch"]
[Site "Berlin"]
[Date "2010.04.07"]
[Round "8"]
[White "Sielaff, Michael"]
[Black "Keskowski, Thilo"]
[Result "0-1"]
[WhiteElo "2098"]
[BlackElo "2164"]
[PlyCount "32"]
[EventDate "2010.03.30"]
[EventType "swiss"]
[EventRounds "9"]
[EventCountry "GER"]
[SourceTitle "CBM 135 Extra"]
[Source "ChessBase"]
[SourceDate "2010.05.04"]
[SourceVersion "1"]
[SourceVersionDate "2010.05.04"]
[SourceQuality "1"]

1. e4 e5 2. Nf3 Nf6 3. Bc4 Nxe4 4. Nc3 Nxc3 5. dxc3 f6 6. 0-0 d6 7. Nh4 g6 8. f4 f5 9. Nf3 Bg7 10. fxe5 dxe5 11. Nxe5 Bxe5 12. Qe2 Qe7 13. Re1 Nc6 14. Bd5 Qc5+ 15. Be3 Qxd5 16. Rad1 Qe6 0-1

[Event "Berlin-ch"]
[Site "Berlin"]
[Date "2010.03.30"]
[Round "1"]
[White "Schlemermeyer, Wilhelm"]
[Black "Sielaff, Michael"]
[Result "1-0"]
[WhiteElo "2279"]
[BlackElo "2098"]
[PlyCount "37"]
[EventDate "2010.03.30"]
[EventType "swiss"]
[EventRounds "9"]
[EventCountry "GER"]
[SourceTitle "CBM 135 Extra"]
[Source "ChessBase"]
[SourceDate "2010.05.04"]
[SourceVersion "1"]
[SourceVersionDate "2010.05.04"]
[SourceQuality "1"]

1. g3 d5 2. Bg2 Nf6 3. Nf3 c6 4. c4 g6 5. cxd5 cxd5 6. 0-0 Nc6 7. d4 Bg7 8. Nc3 0-0 9. Ne5 Nxe5 10. dxe5 Ng4 11. Qxd5 Nxe5 12. Qc5 Nc6 13. Rd1 Bxc3 14. Rxd8 Rxd8 15. Bxc6 Rd1+ 16. Kg2 Bd4 17. Qc2 Rxc1 18. Rxc1 bxc6 19. Qxc6 1-0

[Event "Berlin-ch"]
[Site "Berlin"]
[Date "2009.04.17"]
[Round "7"]
[White "Sielaff, Michael"]
[Black "Bukowski, Henryk"]
[Result "1/2-1/2"]
[WhiteElo "2074"]
[BlackElo "2152"]
[PlyCount "20"]
[EventDate "2009.04.11"]
[EventType "swiss"]
[EventRounds "9"]
[EventCountry "GER"]
[SourceTitle "CBM 129 Extra"]
[Source "ChessBase"]
[SourceDate "2009.05.05"]
[SourceVersion "2"]
[SourceVersionDate "2009.05.20"]
[SourceQuality "1"]

1. d4 Nf6 2. c4 g6 3. Nc3 Bg7 4. e4 d6 5. Nf3 0-0 6. Be2 e5 7. d5 Nbd7 8. 0-0 a5 9. Ne1 b6 10. Nd3 Ne8 1/2-1/2

[Event "Berlin-ch"]
[Site "Berlin"]
[Date "2009.04.15"]
[Round "5"]
[White "Eberhardt, Olaf"]
[Black "Sielaff, Michael"]
[Result "1/2-1/2"]
[WhiteElo "2099"]
[BlackElo "2074"]
[PlyCount "71"]
[EventDate "2009.04.11"]
[EventType "swiss"]
[EventRounds "9"]
[EventCountry "GER"]
[SourceTitle "CBM 129 Extra"]
[Source "ChessBase"]
[SourceDate "2009.05.05"]
[SourceVersion "2"]
[SourceVersionDate "2009.05.20"]
[SourceQuality "1"]

1. e4 Nf6 2. e5 Nd5 3. d4 d6 4. c4 Nb6 5. exd6 exd6 6. Nc3 Be7 7. Be3 0-0 8. h3 Nc6 9. Nf3 Bf5 10. d5 Nb8 11. Be2 Bg6 12. 0-0 N8d7 13. Nd4 h6 14. Qd2 Re8 15. b3 Nc5 16. Bg4 Bf6 17. Be2 Ne4 18. Nxe4 Bxe4 19. Bd3 Qd7 20. Rae1 Re7 21. f3 Bxd3 22. Qxd3 Bxd4 23. Bxd4 Rae8 24. Bc3 Rxe1 25. Rxe1 Rxe1+ 26. Bxe1 f6 27. Bd2 Nc8 28. Kf2 Ne7 29. g4 Kf7 30. Qh7 Ng8 31. h4 b5 32. Qd3 a6 33. h5 Ne7 34. Qh7 Ng8 35. Qe4 Ne7 36. Qh7 1/2-1/2

[Event "Berlin-ch"]
[Site "Berlin"]
[Date "2009.04.14"]
[Round "4"]
[White "Sielaff, Michael"]
[Black "Haemmerlein, Thomas"]
[Result "1-0"]
[WhiteElo "2074"]
[BlackElo "2172"]
[PlyCount "72"]
[EventDate "2009.04.11"]
[EventType "swiss"]
[EventRounds "9"]
[EventCountry "GER"]
[SourceTitle "CBM 129 Extra"]
[Source "ChessBase"]
[SourceDate "2009.05.05"]
[SourceVersion "2"]
[SourceVersionDate "2009.05.20"]
[SourceQuality "1"]

1. c4 g6 2. Nc3 f5 3. d4 Nf6 4. g3 Bg7 5. Bg2 d6 6. Nf3 0-0 7. d5 c6 8. 0-0 Bd7 9. Nd4 c5 10. Nc2 Na6 11. Rb1 Rb8 12. a4 Nc7 13. Bd2 a6 14. b4 cxb4 15. Nxb4 Ng4 16. Nd3 Ne5 17. Nxe5 Bxe5 18. f4 Bd4+ 19. e3 Bc5 20. Kh1 b5 21. axb5 axb5 22. cxb5 Nxb5 23. Qe2 Na3 24. Rxb8 Qxb8 25. e4 Nb5 26. exf5 Nd4 27. Qxe7 Rf7 28. Qg5 Rxf5 29. Qh4 Rh5 30. Qf6 Nf5 31. Ne2 Qe8 32. Bf3 Rh3 33. Bc3 Bb5 34. Rb1 Qe3 35. Qe6+ Qxe6 36. dxe6 Kf8 1-0

[Event "Guben op 11th"]
[Site "Guben"]
[Date "2008.01.07"]
[Round "8"]
[White "Schulz, Karsten"]
[Black "Sielaff, Michael"]
[Result "0-1"]
[WhiteElo "2313"]
[BlackElo "2055"]
[PlyCount "119"]
[EventDate "2008.01.02"]
[EventType "swiss"]
[EventRounds "9"]
[EventCountry "GER"]
[SourceTitle "CBM 122 Extra"]
[Source "ChessBase"]
[SourceDate "2008.03.04"]
[SourceVersion "1"]
[SourceVersionDate "2008.03.04"]
[SourceQuality "1"]

1. Nf3 Nf6 2. g3 g6 3. b3 Bg7 4. Bb2 0-0 5. Bg2 c5 6. c4 Nc6 7. 0-0 d6 8. d4 cxd4 9. Nxd4 Bd7 10. Nc3 Nxd4 11. Qxd4 Bc6 12. Nd5 Bxd5 13. Bxd5 Ne8 14. Qd2 Bxb2 15. Qxb2 Rb8 16. Rfd1 Qc7 17. Rac1 Nf6 18. Bg2 Rfd8 19. e3 Qb6 20. Rd4 a5 21. Rcd1 Rdc8 22. h3 Rc5 23. Qd2 Qc7 24. a4 Qb6 25. Qc3 Rbc8 26. f4 Qc7 27. Qd3 Qb6 28. Kh2 R5c7 29. Rb1 Nd7 30. Qd1 Nc5 31. e4 Ne6 32. Rd5 Rc5 33. h4 Nc7 34. Rd2 Na6 35. Bh3 Rf8 36. Qe2 Nb4 37. Rf1 Nc6 38. Rd3 Nb4 39. Rdf3 Nc6 40. Qd2 Qb4 41. Qe3 Qa3 42. Bd7 Qb2+ 43. R1f2 Qd4 44. Qe1 Nb4 45. e5 Rc7 46. Bh3 Qc5 47. f5 Qxe5 48. Re3 Qc5 49. Rfe2 Nc6 50. fxg6 hxg6 51. Rd2 Nd4 52. Bg2 e5 53. Bd5 Kg7 54. Rxe5 Nxb3 55. Ree2 Nxd2 56. Qxd2 f6 57. Re6 Rd7 58. Qe2 Qc7 59. g4 Qd8 60. Qb2 0-1

[Event "Wroclaw-ch"]
[Site "Wroclaw"]
[Date "2004.??.??"]
[Round "1"]
[White "Jakubiec, Edyta"]
[Black "Sielaff, Michael"]
[Result "1/2-1/2"]
[WhiteElo "2230"]
[BlackElo "2020"]
[PlyCount "79"]
[EventDate "2004.??.??"]
[EventType "swiss"]
[EventRounds "9"]
[EventCountry "POL"]
[SourceTitle "EXT 2007"]
[Source "ChessBase"]
[SourceDate "2006.11.23"]
[SourceVersion "1"]
[SourceVersionDate "2006.11.23"]
[SourceQuality "1"]

1. e4 g6 2. d4 Bg7 3. Nc3 d6 4. Be3 Nc6 5. Qd2 e5 6. Nge2 Bd7 7. Nd5 h6 8. h4 Nf6 9. Nxf6+ Qxf6 10. c3 Qd8 11. 0-0-0 h5 12. f3 Bf6 13. Bg5 Bxg5 14. hxg5 Qe7 15. g4 h4 16. Ng1 0-0-0 17. Qe3 a6 18. d5 Nb8 19. Rd2 Rdf8 20. Rdh2 f5 21. gxf5 gxf5 22. Rxh4 Rxh4 23. Rxh4 f4 24. Qf2 Qxg5 25. Bh3 b6 26. Bg4 Bxg4 27. Rxg4 Qh6 28. Qg2 Rh8 29. Rg8+ Rxg8 30. Qxg8+ Kb7 31. Qg2 Qh4 32. Kd2 Nd7 33. Nh3 Nf6 34. Nf2 Nh5 35. Nd3 Qg3 36. Ne1 Qh4 37. Nd3 Ng3 38. b3 a5 39. a4 Qh6 40. Kc2 1/2-1/2

[Event "Wroclaw-ch"]
[Site "Wroclaw"]
[Date "2004.??.??"]
[Round "2"]
[White "Sielaff, Michael"]
[Black "Rzoska, Kamil"]
[Result "0-1"]
[WhiteElo "2020"]
[BlackElo "2055"]
[PlyCount "56"]
[EventDate "2004.??.??"]
[EventType "swiss"]
[EventRounds "9"]
[EventCountry "POL"]
[SourceTitle "EXT 2007"]
[Source "ChessBase"]
[SourceDate "2006.11.23"]
[SourceVersion "1"]
[SourceVersionDate "2006.11.23"]
[SourceQuality "1"]

1. e4 d6 2. d4 Nf6 3. Nc3 g6 4. Bc4 Bg7 5. Qe2 c6 6. e5 dxe5 7. dxe5 Nd5 8. Bd2 0-0 9. Nf3 Bg4 10. h3 Bxf3 11. gxf3 Nxc3 12. Bxc3 e6 13. h4 Nd7 14. 0-0-0 Qc7 15. h5 b5 16. hxg6 hxg6 17. Qf1 bxc4 18. Rxd7 Qxd7 19. Bb4 c5 20. Bxc5 Rfc8 21. Ba3 Bxe5 22. Qh3 f5 23. Rg1 Qh7 24. Qg2 Bf4+ 25. Kb1 Kf7 26. Rh1 Qg7 27. Bb4 e5 28. b3 a5 0-1

[Event "Berlin tt 0001"]
[Site "Berlin"]
[Date "2000.11.19"]
[Round "2.3"]
[White "Kollberg, Lothar"]
[Black "Sielaff, Michael"]
[Result "1-0"]
[WhiteElo "2146"]
[BlackElo "2082"]
[PlyCount "111"]
[EventDate "2000.10.22"]
[EventType "team"]
[EventRounds "11"]
[EventCountry "GER"]
[SourceTitle "EXT 2007"]
[Source "ChessBase"]
[SourceDate "2006.11.23"]
[SourceVersion "1"]
[SourceVersionDate "2006.11.23"]
[SourceQuality "1"]

1. d4 d5 2. c4 c6 3. Nc3 Nf6 4. Nf3 e6 5. e3 Be7 6. Bd3 dxc4 7. Bxc4 b5 8. Bd3 Bb7 9. 0-0 a6 10. Qe2 Nbd7 11. Rd1 c5 12. dxc5 Bxc5 13. h3 h5 14. e4 Ng4 15. hxg4 hxg4 16. Ng5 Qb8 17. e5 Nxe5 18. Bf4 Nf3+ 19. Qxf3 Qa7 20. Qe2 Bxf2+ 21. Qxf2 Rh1+ 22. Kxh1 Qxf2 23. Be4 Qxf4 24. Bxb7 Qxg5 25. Bxa8 g3 26. Ne4 Qh6+ 27. Kg1 Qe3+ 28. Kf1 f5 29. Rd2 fxe4 30. Rad1 Qf4+ 31. Ke1 Qe3+ 32. Re2 Qg1+ 33. Kd2 Qd4+ 34. Kc1 Qc5+ 35. Kb1 e3 36. Rde1 Qf5+ 37. Ka1 Qf2 38. Rxe3 Kd7 39. Rxe6 b4 40. Bc6+ Kc7 41. Bf3 a5 42. Rc6+ Kd7 43. Rd1+ Ke7 44. Rc4 g6 45. Re4+ Kf6 46. Rf4+ Kg7 47. Rd7+ Kh6 48. Rh4+ Kg5 49. Rg4+ Kf6 50. Rd6+ Ke7 51. Rgxg6 a4 52. Rge6+ Kf8 53. Rd1 Qc2 54. Re4 Qc5 55. Be2 Qc2 56. Rf1+ 1-0

[Event "Berlin tt 0001"]
[Site "Berlin"]
[Date "2000.10.22"]
[Round "1.3"]
[White "Nguyen Luu, Truong Son"]
[Black "Sielaff, Michael"]
[Result "1-0"]
[WhiteElo "2035"]
[BlackElo "2082"]
[PlyCount "78"]
[EventDate "2000.10.22"]
[EventType "team"]
[EventRounds "11"]
[EventCountry "GER"]
[SourceTitle "EXT 2007"]
[Source "ChessBase"]
[SourceDate "2006.11.23"]
[SourceVersion "1"]
[SourceVersionDate "2006.11.23"]
[SourceQuality "1"]

1. d4 b6 2. Nf3 Bb7 3. Nbd2 Nf6 4. c4 e6 5. e3 c5 6. Bd3 cxd4 7. exd4 Be7 8. 0-0 0-0 9. b3 d5 10. Bb2 Nc6 11. Rc1 Rc8 12. Re1 Rc7 13. Bb1 Na5 14. Ne5 Bb4 15. Re3 Qd6 16. Rh3 h6 17. Ndf3 Rfc8 18. c5 bxc5 19. a3 c4 20. axb4 Nxb3 21. Bc3 Nxc1 22. Qxc1 Bc6 23. g4 Ne4 24. g5 Nxc3 25. Qxc3 f6 26. Qc2 f5 27. Nh4 Qxb4 28. Nxc6 Rxc6 29. Nxf5 Rb6 30. Kg2 Rc7 31. Nxh6+ gxh6 32. Qg6+ Rg7 33. Qxh6 Qxb1 34. Qh8+ Kf7 35. Rh5 Qe4+ 36. f3 Rb2+ 37. Kg3 Qe1+ 38. Kg4 Rg2+ 39. Kf4 Qd2+ 1-0